Études critiques sur l'histoire de la littérature français. (Record no. 36953)

MARC details
000 -LEADER
campo de control de longitud fija 00801nam a2200205 i 4500
001 - NÚMERO DE CONTROL
campo de control 36953
003 - IDENTIFICADOR DE NÚMERO DE CONTROL
campo de control ES-MaACL
005 - FECHA Y HORA DE LA ÚLTIMA TRANSACCIÓN
campo de control 20250710064916.0
007 - CAMPO FIJO DE DESCRIPCIÓN FÍSICA--INFORMACIÓN GENERAL
campo de control de longitud fija t|
008 - DATOS DE LONGITUD FIJA--INFORMACIÓN GENERAL
campo de control de longitud fija 030219s1905 fr ||||1| fre d
100 1# - ENTRADA PRINCIPAL--NOMBRE DE PERSONA
Nombre de persona Brunetière, Ferdinand.
9 (RLIN) 32173
245 10 - MENCIÓN DEL TÍTULO
Título Études critiques sur l'histoire de la littérature français.
Número de parte o sección de la obra Première série /
Mención de responsabilidad, etc. par Ferdinand Brunetière.
250 ## - MENCION DE EDICION
Mención de edición 6e éd.
260 ## - PUBLICACIÓN, DISTRIBUCIÓN, ETC.
Lugar de publicación, distribución, etc. Paris :
Nombre del editor, distribuidor, etc. Librairie Hachette et Cie.,
Fecha de publicación, distribución, etc. 1905.
300 ## - DESCRIPCIÓN FÍSICA
Extensión 336 p. ;
Dimensiones 18 cm.
505 8# - NOTA DE CONTENIDO CON FORMATO
Nota de contenido con formato Contiene: La Littérature française du Moyen Age. Pascal. Molière. Racine. Voltaire. La Littérature française sous le premier Empire. Le Naturalisme au XVII siècle
650 #4 - PUNTO DE ACCESO ADICIONAL DE MATERIA--TÉRMINO DE MATERIA
Término de materia o nombre geográfico como elemento de entrada Literatura francesa-
Subdivisión general Historia y crítica
9 (RLIN) 14586
852 ## - LOCALIZACIÓN
Ubicación ES-MaACL
Número de control de estantería F-8413
Holdings
Estatus retirado Estado de pérdida Estado de daño No para préstamo Biblioteca de origen Biblioteca actual Ubicación en estantería Fecha de adquisición Fuente de adquisición Total de préstamos Signatura topográfica completa Código de barras Visto por última vez Precio de reemplazo Tipo de ítem Koha
        Biblioteca del Ateneo de Madrid Biblioteca del Ateneo de Madrid Sala Pecera Planta 2 17/01/2008     F-8413 1038871 23/02/2023 23/02/2023 Libro impreso